000 00322nam a22001457a 4500
008 210301b ||||| |||| 00| 0 eng d
020 _a0070708916
041 _aeng
080 _212th
_a61
082 _a61
100 _a3
101 _aSHM
245 _aPrinciples of Internal Medicine
_cWilson, J.D
942 _2udc
_cBK
999 _c55395
_d55395